Preliminary study of glutathions s - transferase (M1/T1) gene polymorphism and the therapeutic effect of yoga on the level of oxidative stress markers in hypertensive patients (Record no. 881592)

MARC details
000 -LEADER
fixed length control field 00912nam a2200253Ia 4500
003 - CONTROL NUMBER IDENTIFIER
control field OSt
005 - DATE AND TIME OF LATEST TRANSACTION
control field 20220930091055.0
008 - FIXED-LENGTH DATA ELEMENTS--GENERAL INFORMATION
fixed length control field 220926b |||||||| |||| 00| 0 eng d
037 ## - SOURCE OF ACQUISITION
Terms of availability Theses
040 ## - CATALOGING SOURCE
Original cataloging agency CRL
Transcribing agency CRL
Language of cataloging eng
041 ## - LANGUAGE CODE
Source of code eng
Language code of text/sound track or separate title eng
100 ## - MAIN ENTRY--PERSONAL NAME
Personal name Dhameja Kanupriya
9 (RLIN) 544670
110 ## - MAIN ENTRY--CORPORATE NAME
Corporate name or jurisdiction name as entry element University of Delhi. Faculty of Medical Science. Department of Physiology
9 (RLIN) 523462
245 #0 - TITLE STATEMENT
Title Preliminary study of glutathions s - transferase (M1/T1) gene polymorphism and the therapeutic effect of yoga on the level of oxidative stress markers in hypertensive patients
260 ## - PUBLICATION, DISTRIBUTION, ETC.
Date of publication, distribution, etc. 2011
650 ## - SUBJECT ADDED ENTRY--TOPICAL TERM
Topical term or geographic name entry element MEDICINE
700 ## - ADDED ENTRY--PERSONAL NAME
Personal name Savita Singh Gu.
9 (RLIN) 544671
700 ## - ADDED ENTRY--PERSONAL NAME
Personal name University of Delhi. Faculty of Medical Science. Department of Physiology
9 (RLIN) 523464
942 ## - ADDED ENTRY ELEMENTS (KOHA)
Koha item type Dissertations
Source of classification or shelving scheme Colon Classification (CC)
Holdings
Withdrawn status Lost status Damaged status Not for loan Home library Current library Date acquired Total Checkouts Barcode Date last seen Price effective from Koha item type
        Central Library Central Library 2022-09-30   TH0018712 2022-09-30 2022-09-30 Thesis
Copyright @ Delhi University Library System